|
|
|
|
| LEADER |
00000nam0a2200000 4500 |
| 001 |
177014 |
| 005 |
20231101223317.0 |
| 010 |
|
|
|a 9785922110631
|
| 035 |
|
|
|a (RuTPU)RU\TPU\book\191920
|
| 090 |
|
|
|a 177014
|
| 100 |
|
|
|a 20100310d2009 m y0rusy50 ca
|
| 101 |
0 |
|
|a rus
|
| 102 |
|
|
|a RU
|
| 105 |
|
|
|a y j 001zy
|
| 200 |
1 |
|
|a Обыкновенные дифференциальные уравнения
|e учебник
|f В. А. Треногин
|
| 210 |
|
|
|a Москва
|c Физматлит
|d 2009
|
| 215 |
|
|
|a 312 с.
|
| 320 |
|
|
|a Библиогр.: с. 308-311.
|
| 330 |
|
|
|a Книга содержит обновленный элементарный начальный курс обыкновенных дифференциальных уравнений, соответствующий программе для технических вузов, утвержденной Министерством образования и науки РФ. От других книг этого же профиля данный учебник отличается повышенной прикладной направленностью, в частности, применением компьютерных систем. Книга будет полезна студентам различных вузов, преподавателям и лицам, интересующимся применениями ДУ в самых разнообразных областях науки и техники.
|
| 606 |
1 |
|
|a Дифференциальные уравнения, обыкновенные
|2 stltpush
|3 (RuTPU)RU\TPU\subj\46716
|9 65831
|
| 610 |
1 |
|
|a высшая математика
|
| 610 |
1 |
|
|a дифференциальные уравнения первого порядка
|
| 610 |
1 |
|
|a дифференциальные уравнения высших порядков
|
| 610 |
1 |
|
|a системы дифференциальных уравнений
|
| 610 |
1 |
|
|a динамические системы
|
| 610 |
1 |
|
|a устойчивость
|
| 610 |
1 |
|
|a теоремы Ляпунова
|
| 610 |
1 |
|
|a приближенные методы
|
| 610 |
1 |
|
|a методы решения
|
| 610 |
1 |
|
|a дифференциальные уравнения с частными производными
|
| 610 |
1 |
|
|a MathCAD
|
| 610 |
1 |
|
|a компьютерная алгебра
|
| 610 |
1 |
|
|a Mathematica
|
| 610 |
1 |
|
|a учебники
|
| 675 |
|
|
|a 517.91(075.8)
|v 3
|
| 700 |
|
1 |
|a Треногин
|b В. А.
|g Владилен Александрович
|
| 801 |
|
1 |
|a RU
|b 63413507
|c 20100310
|
| 801 |
|
2 |
|a RU
|b 63413507
|c 20140424
|g RCR
|
| 942 |
|
|
|c BK
|
| 959 |
|
|
|a 13/20100310
|d 1
|e 237,60
|f ЧЗТЛ:1
|